Mals pensaments a favor de l'home / (Record no. 95726)

MARC details
000 -LEADER
campo de control de longitud fija 00465nam a2200157 i 4500
001 - NÚMERO DE CONTROL
campo de control 95726
003 - IDENTIFICADOR DE NÚMERO DE CONTROL
campo de control ES-MaACL
005 - FECHA Y HORA DE LA ÚLTIMA TRANSACCIÓN
campo de control 20230906181748.0
007 - CAMPO FIJO DE DESCRIPCIÓN FÍSICA--INFORMACIÓN GENERAL
campo de control de longitud fija t|
008 - DATOS DE LONGITUD FIJA--INFORMACIÓN GENERAL
campo de control de longitud fija 050602s1963 sp ||||1| cat d
100 1# - ENTRADA PRINCIPAL--NOMBRE DE PERSONA
Nombre de persona Lloveras, Gonçal (
Fechas asociadas al nombre 1926-)
9 (RLIN) 72939
245 10 - MENCIÓN DEL TÍTULO
Título Mals pensaments a favor de l'home /
Mención de responsabilidad, etc. text Goncal Lloveras.
260 ## - PUBLICACIÓN, DISTRIBUCIÓN, ETC.
Lugar de publicación, distribución, etc. Barcelona :
Nombre del editor, distribuidor, etc. [s.n.],
Fecha de publicación, distribución, etc. 1963 (
Fabricante Imp. Soutra)
300 ## - DESCRIPCIÓN FÍSICA
Extensión 97 p., 25 lám. ;
Dimensiones 21 cm.
852 ## - LOCALIZACIÓN
Ubicación ES-MaACL
Número de control de estantería G-9871
Sublocalización o colección R.52540
Holdings
Estatus retirado Estado de pérdida Estado de daño No para préstamo Biblioteca de origen Biblioteca actual Ubicación en estantería Fecha de adquisición Fuente de adquisición Total de préstamos Signatura topográfica completa Código de barras Visto por última vez Precio de reemplazo Tipo de ítem Koha
        Biblioteca del Ateneo de Madrid Biblioteca del Ateneo de Madrid Sala Pecera Planta 3 17/01/2008     G-9871 1099955 23/02/2023 23/02/2023 Libro impreso